000 00616nam a22002057a 4500
003 koha_MIRAKIL
005 20231213100154.0
008 231213b |||||||| |||| 00| 0 ||| d
020 _b978-6-05-985602-7
040 _aTR-IsEVY
_btur
_cTR-IsEVY
082 _a500 ESP/B
100 _aEspace Arts Lebaudy Association
245 0 _aBenim küçük deneylerim yaratıcı fikirler
_bdünya halklarından ve kültürlerinden örnekler
250 _a2. bs.
260 _bODTÜ Geliştirme Vakfı,
_c2016
300 _a45 s.
650 _aBilim -- Deneyler.
650 _aScience -- Experiments.
942 _2ddc
_cBK
999 _c15668
_d15668